000 00386cam a2200157ua 4500
003 OSt
008 241226b |||||||| |||| 00| 0 eng d
041 _aeng
082 _a621.32
_bACK/SC
100 _aAckerley, R O .
_96610
245 _aScience of artificial lighting /
250 _a1 /
260 _aLondon :
_bE and F N Spon limited ,
_c1955.
300 _a135 ; .
942 _cBK
999 _c8910
_d8910